Parliamentary Diplomacy: The Ghanaian Approach (Record no. 5257)

MARC details
000 -LEADER
fixed length control field 00539nam a22001817a 4500
003 - CONTROL NUMBER IDENTIFIER
control field OSt
005 - DATE AND TIME OF LATEST TRANSACTION
control field 20250623134206.0
008 - FIXED-LENGTH DATA ELEMENTS--GENERAL INFORMATION
fixed length control field 250623b |||||||| |||| 00| 0 eng d
041 ## - LANGUAGE CODE
Language code of text/sound track or separate title English
082 ## - DEWEY DECIMAL CLASSIFICATION NUMBER
Classification number 327.2B Acc. No.11,075
100 ## - MAIN ENTRY--PERSONAL NAME
Personal name BELLEY, Harrison Kofi
245 ## - TITLE STATEMENT
Title Parliamentary Diplomacy: The Ghanaian Approach
260 ## - PUBLICATION, DISTRIBUTION, ETC.
Place of publication, distribution, etc. Ho:
Name of publisher, distributor, etc. Lake Publishers,
Date of publication, distribution, etc. 2025.
300 ## - PHYSICAL DESCRIPTION
Extent 124p.
500 ## - GENERAL NOTE
General note ref.,
653 ## - INDEX TERM--UNCONTROLLED
Uncontrolled term 1.Parliamentary Diplomacy - Parliament of Ghana 2. Contemporary International Relation
942 ## - ADDED ENTRY ELEMENTS (KOHA)
Source of classification or shelving scheme Dewey Decimal Classification
Koha item type Books
Suppress in OPAC No
Holdings
Withdrawn status Lost status Source of classification or shelving scheme Damaged status Not for loan Home library Current library Shelving location Date acquired Total checkouts Full call number Date last seen Copy number Price effective from Koha item type
    Dewey Decimal Classification     Main Library Main Library Open Shelves 23/06/2025   327.2B Acc No. 11,075 23/06/2025 C1 23/06/2025 Books
    Dewey Decimal Classification     Main Library Main Library Open Shelves 23/06/2025   327.2B Acc No. 11,076 23/06/2025 C2 23/06/2025 Books
    Dewey Decimal Classification     Main Library Main Library Open Shelves 23/06/2025   327.2B Acc No. 11,077 23/06/2025 C3 23/06/2025 Books
©2026  Parliament of Ghana Library - All rights reserved